R v East Sussex Valuation Tribunal ex parte Silverstone (Record no. 14310)

MARC details
000 -LEADER
fixed length control field 01422cab a2200265 4500
001 - CONTROL NUMBER
control field ABS56113
008 - FIXED-LENGTH DATA ELEMENTS--GENERAL INFORMATION
fixed length control field 090401t1996 xxu||||| |||| 00| 0 eng d
035 ## - SYSTEM CONTROL NUMBER
System control number (Sirsi) u21313
041 ## - LANGUAGE CODE
Language code of text/sound track or separate title eng
245 ## - TITLE STATEMENT
Title R v East Sussex Valuation Tribunal ex parte Silverstone
260 ## - PUBLICATION, DISTRIBUTION, ETC.
Date of publication, distribution, etc. 1996
350 ## - PRICE (NR) (BK AM CF MU VM SE) [OBSOLETE]
Price 0
490 ## - SERIES STATEMENT
Series statement Rating & Valuation Reporter
Volume/sequential designation [1996] RVR 203-205(3)
520 ## - SUMMARY, ETC.
Summary, etc. QBD 8 May 1996. The applicant bought two flats and converted them into one dwelling. Each flat had been in council tax band C, the applicant applied to have the dwelling as one entry in band C. However the listing officer believed the single property to be in Band E. It was held that in this case Council Tax (Situation and Valuation of Dwellings) Regulations 1992 regulation 4, stating that no alteration of valuation band should be made unless a reduction in value of dwelling. In this case the action consisted of removing two dwellings from the list, not altering the band and determining the appropriate valuation band for the new dwelling.
650 ## - SUBJECT ADDED ENTRY--TOPICAL TERM
Topical term or geographic name entry element BANDING
650 ## - SUBJECT ADDED ENTRY--TOPICAL TERM
Topical term or geographic name entry element CONVERSIONS
650 ## - SUBJECT ADDED ENTRY--TOPICAL TERM
Topical term or geographic name entry element COUNCIL TAX (SITUATION AND VALUATION OF DWELLINGS) REGULATIONS 1992
650 ## - SUBJECT ADDED ENTRY--TOPICAL TERM
Topical term or geographic name entry element COUNCIL TAX BANDS
650 ## - SUBJECT ADDED ENTRY--TOPICAL TERM
Topical term or geographic name entry element COUNCIL TAX
650 ## - SUBJECT ADDED ENTRY--TOPICAL TERM
Topical term or geographic name entry element GOVERNMENT FINANCE ACT 1992
650 ## - SUBJECT ADDED ENTRY--TOPICAL TERM
Topical term or geographic name entry element R V EAST SUSSEX VALUATION TRIBUNAL EX P SILVERSTONE
690 ## - LOCAL SUBJECT ADDED ENTRY--TOPICAL TERM (OCLC, RLIN)
Topical term or geographic name as entry element RATING AND VALUATION-CASE LAW
942 ## - ADDED ENTRY ELEMENTS (KOHA)
Suppress in OPAC 0
948 ## - LOCAL PROCESSING INFORMATION (OCLC); SERIES PART DESIGNATOR (RLIN)
c (OCLC) 04/03/1997
Holdings
Withdrawn status Lost status Source of classification or shelving scheme Damaged status Not for loan Home library Current library Shelving location Date acquired Total Checkouts Full call number Barcode Date last seen Copy number Price effective from Koha item type
    Dewey Decimal Classification     London London Journal article 14/09/1999   ABS56113 21313-1001 06/08/2019 1 06/08/2019 Law report